Montážny systém na vytvorenie stavebnicových konštrukcií

Bibliographic Details
Corporate Author: Octanorm-Vertriebs-GmbH für Bauelemente (Filderstadt, Nemecko) (Patent holder)
Other Authors: Bruder, Hans (Originator)
Format: Book
Language:Slovak
PhysicalDescription:12 s. obr. 30 cm
Published: [Banská Bystrica] Úrad priemyselného vlastníctva SR [2007]
Subjects:

MARC

LEADER 00000cam a2200000 a 4500
001 vtls009806814
003 SK-MaSNL
005 20260331204957.0
008 251120s2007 xo a j f000 0 slo
013 |a 285903  |b SK  |c patent  |d 20071004  |e dátum nadobudnutia účinkov patentu (Vestník ÚPV SR č.: 10/2007)  |d 20070920  |e dátum sprístupnenia patentu 
013 |a 988-99  |e číslo prihlášky  |d 19990722  |e dátum podania prihlášky  |d 20000313  |e dátum zverejnenia prihlášky (Vestník ÚPV SR č.: 03/2000) 
013 |a 198 34 372.8, 298 21 204.8  |e číslo prioritnej prihlášky  |d 19980730, 19981127  |e dátum podania prioritnej prihlášky  |b DE, DE  |e kód krajiny prioritnej prihlášky 
015 |a SNBN2013 
035 |a (SVKBBclas03)vtls000276152 
040 |a SNK  |b slo  |c SNK  |e AACR2 
041 0 |a slo 
044 |a xo  |c SK 
072 7 |a 69  |x Stavebníctvo  |2 konspekt 
080 |a 69.057.2  |2 2001 
080 |a 69.033.2  |2 2001 
084 |a E04B 1/58  |2 IPC 
084 |a E047H 1/12  |2 IPC 
084 |a F16B 7/04  |2 IPC 
100 1 |a Bruder, Hans  |4 org  |9 320945 
245 1 0 |a Montážny systém na vytvorenie stavebnicových konštrukcií  |c Hans Bruder ; patent. zást. Viera Žovicová 
260 |a [Banská Bystrica]  |b Úrad priemyselného vlastníctva SR  |c [2007] 
300 |a 12 s.  |b obr.  |c 30 cm 
650 0 7 |a montáže  |2 SNKPH  |9 57156 
650 0 7 |a stavebnicové konštrukcie  |2 SVKBBPH  |9 320946 
650 0 7 |a Prenosné stavby  |2 SVKBBPH  |9 320947 
650 0 7 |a Assemblage  |2 SNKPHeng  |9 320948 
655 7 |a patenty  |2 SNKPH  |9 177343 
655 7 |a patent licenses  |2 SNKPHeng  |9 303430 
700 1 |a Žovicová, Viera  |4 oth  |9 305079 
710 2 |a Octanorm-Vertriebs-GmbH für Bauelemente (Filderstadt, Nemecko)  |4 pth  |9 320949 
999 |c 572717  |d 574647 
952 |a SNK  |b SNK  |y PREZ  |7 0  |p 17A1093493  |o snkSK 285903  |i snk2013/29298  |8 0  |0 0  |1 0  |4 0  |d 2013-11-28  |l 0  |r 2026-02-23 14:22:02  |w 2026-02-23